[Event "Oberliga Ost A"]
[Site "?"]
[Date "2022.10.22"]
[Round "2.2"]
[White "Niegsch, Nicolas"]
[Black "Zwahr, Paul"]
[Result "1-0"]
[WhiteElo "2305"]
[BlackElo "2281"]
[PlyCount "73"]
[EventDate "2022.09.18"]
[EventType "team-tourn"]
[EventCountry "GER"]
[WhiteTeam "Dresden SG Gruen Weiss"]
[BlackTeam "Loeberitz SG"]
[WhiteTeamCountry "GER"]
[BlackTeamCountry "GER"]

1. d4 Nf6 2. c4 g6 3. Nc3 Bg7 4. e4 d6 5. Nf3 O-O 6. Be2 e5 7. d5 a5 8. Bg5 h6 9. Bh4 Na6 10. Nd2 Qe8 11. a3 Bd7 12. Qc2 a4 13. f3 Nc5 14. Bf2 b6 15. O-O-O Nh5 16. Rhe1 f5 17. Bxc5 bxc5 18. exf5 gxf5 19. g3 Nf6 20. Bd3 Qh5 21. Kb1 Rab8 22. Ka2 Rb7 23. Rb1 Rfb8 24. g4 Qxh2 25. gxf5 e4 26. fxe4 Ng4 27. Nb5 Kf7 28. Qd1 Nf2 29. Qe2 Qg3 30. Qh5+ Kf8 31. Rg1 Qe5 32. Nf3 Qe8 33. Qh4 Rxb5 34. cxb5 Bxb5 35. Rxg7 Nxe4 36. Qxh6 Bxd3 37. Qh8# 1-0

[Event "Oberliga Ost A"]
[Site "?"]
[Date "2022.10.22"]
[Round "2.3"]
[White "Genkin, Michael"]
[Black "Schuetze, Norman"]
[Result "1/2-1/2"]
[WhiteElo "2269"]
[BlackElo "2298"]
[PlyCount "72"]
[EventDate "2022.09.18"]
[EventType "team-tourn"]
[EventCountry "GER"]
[WhiteTeam "Loeberitz SG"]
[BlackTeam "Dresden SG Gruen Weiss"]
[WhiteTeamCountry "GER"]
[BlackTeamCountry "GER"]

1. c4 Nf6 2. Nc3 e5 3. g3 d5 4. cxd5 Nxd5 5. Bg2 Nb6 6. Nf3 Nc6 7. d3 Be7 8. O-O O-O 9. Be3 Re8 10. d4 exd4 11. Nxd4 Nxd4 12. Bxd4 c6 13. b3 Bf6 14. Bxf6 Qxf6 15. Ne4 Qe7 16. Nd6 Rd8 17. Nxc8 Raxc8 18. Qc2 Re8 19. e3 Rcd8 20. Rad1 g6 21. h4 Nd7 22. Rd4 Nc5 23. Rfd1 Ne6 24. Rxd8 Rxd8 25. Bh3 Rd6 26. Rxd6 Qxd6 27. Bxe6 Qxe6 28. Qc3 Qd5 29. Qf6 a5 30. Qe7 b5 31. e4 Qd1+ 32. Kg2 Qc2 33. h5 gxh5 34. Qd8+ Kg7 35. Qg5+ Kf8 36. Qd8+ Kg7 1/2-1/2

[Event "Oberliga Ost A"]
[Site "?"]
[Date "2022.10.22"]
[Round "2.4"]
[White "Pallas, Sebastian"]
[Black "Siedentopf, Daniel"]
[Result "1/2-1/2"]
[WhiteElo "2221"]
[BlackElo "2242"]
[PlyCount "39"]
[EventDate "2022.09.18"]
[EventType "team-tourn"]
[EventCountry "GER"]
[WhiteTeam "Dresden SG Gruen Weiss"]
[BlackTeam "Loeberitz SG"]
[WhiteTeamCountry "GER"]
[BlackTeamCountry "GER"]

1. e4 e5 2. Nf3 Nc6 3. Bb5 Nf6 4. d3 Bc5 5. h3 d6 6. c3 O-O 7. O-O Ne7 8. Bg5 c6 9. Ba4 Ng6 10. d4 Bb6 11. Nbd2 h6 12. Be3 Nh5 13. Nc4 Bc7 14. dxe5 dxe5 15. Ncxe5 Qxd1 16. Bxd1 Nxe5 17. Nxe5 Nf6 18. Nd3 Nxe4 19. Bf3 Bf5 20. Rad1 1/2-1/2

[Event "Oberliga Ost A"]
[Site "?"]
[Date "2022.10.22"]
[Round "2.5"]
[White "Gehmlich, Marcel"]
[Black "Mertens, Fridolin"]
[Result "1-0"]
[WhiteElo "2183"]
[BlackElo "2141"]
[PlyCount "123"]
[EventDate "2022.09.18"]
[EventType "team-tourn"]
[EventCountry "GER"]
[WhiteTeam "Loeberitz SG"]
[BlackTeam "Dresden SG Gruen Weiss"]
[WhiteTeamCountry "GER"]
[BlackTeamCountry "GER"]

1. Nf3 Nf6 2. c4 b6 3. g3 Bb7 4. Bg2 e6 5. O-O Be7 6. Nc3 O-O 7. Re1 d5 8. cxd5 exd5 9. d4 Na6 10. b3 c5 11. Bb2 Nc7 12. Rc1 Ne6 13. dxc5 bxc5 14. Ne5 Rb8 15. Na4 Qa5 16. Qc2 Rfd8 17. Red1 Rbc8 18. e3 h6 19. Qf5 Qa6 20. Nd3 c4 21. Bxf6 Bxf6 22. Nb4 Qb5 23. Nxd5 Bxd5 24. Rxd5 Qb4 25. Qg4 Qa3 26. Rxd8+ Rxd8 27. Qxc4 Qxa2 28. Qc2 Qxc2 29. Rxc2 Rd1+ 30. Bf1 Rb1 31. Rc8+ Kh7 32. Rb8 Rc1 33. Kg2 Rc7 34. Bc4 Nd8 35. Rb5 Nb7 36. h4 g6 37. Rd5 h5 38. f4 Kg7 39. e4 Be7 40. e5 Nc5 41. Nxc5 Bxc5 42. Kf3 Bb4 43. Rd8 Ba5 44. Ra8 Bb6 45. g4 hxg4+ 46. Kxg4 Re7 47. h5 Rd7 48. hxg6 fxg6 49. Rg8+ Kh7 50. Re8 Bc5 51. Rc8 Bb4 52. Kf3 Kg7 53. Ke4 Bd2 54. Bd5 a5 55. Rc2 Bb4 56. Rg2 Kh6 57. Bc4 Bc5 58. Bd5 Ra7 59. Bc6 Ra6 60. Kd5 Bb4 61. Be8 Rb6 62. e6 1-0

[Event "Oberliga Ost A"]
[Site "?"]
[Date "2022.10.22"]
[Round "2.6"]
[White "Boehm, Christian"]
[Black "Kaiser, Dieter"]
[Result "0-1"]
[WhiteElo "2080"]
[BlackElo "2184"]
[PlyCount "72"]
[EventDate "2022.09.18"]
[EventType "team-tourn"]
[EventCountry "GER"]
[WhiteTeam "Dresden SG Gruen Weiss"]
[BlackTeam "Loeberitz SG"]
[WhiteTeamCountry "GER"]
[BlackTeamCountry "GER"]

1. e4 c5 2. Nf3 e6 3. b3 Nc6 4. Bb2 a6 5. c4 Nf6 6. e5 Ng4 7. h3 Nh6 8. Nc3 Be7 9. Ne4 O-O 10. Bd3 d6 11. Bb1 dxe5 12. Nxe5 Nxe5 13. Bxe5 f5 14. Nc3 Nf7 15. Bh2 Bf6 16. Bc2 Bd7 17. O-O Bc6 18. Qe2 Qd7 19. Rad1 Rae8 20. Rfe1 Qd8 21. Na4 Bd4 22. Bf4 Qf6 23. Be3 Qg6 24. f3 Ng5 25. Kf1 Nxf3 26. gxf3 Qh5 27. Kf2 Qh4+ 28. Kf1 Rf6 29. Qf2 Qh5 30. Ke2 e5 31. Nxc5 f4 32. Bxd4 exd4+ 33. Kd3 Qxc5 34. Re4 Bxe4+ 35. fxe4 Qe5 36. Qf3 Rg6 0-1

[Event "Oberliga Ost A"]
[Site "?"]
[Date "2022.10.22"]
[Round "2.7"]
[White "Salewski, Bernd"]
[Black "Deutsch, Joey"]
[Result "0-1"]
[WhiteElo "1991"]
[BlackElo "1961"]
[PlyCount "154"]
[EventDate "2022.09.18"]
[EventType "team-tourn"]
[EventCountry "GER"]
[WhiteTeam "Loeberitz SG"]
[BlackTeam "Dresden SG Gruen Weiss"]
[WhiteTeamCountry "GER"]
[BlackTeamCountry "GER"]

1. d4 c6 2. Nc3 d5 3. Bg5 Qb6 4. Na4 Qa5+ 5. c3 Bf5 6. b4 Qc7 7. e3 Nd7 8. Nf3 e6 9. Bd3 Bxd3 10. Qxd3 b5 11. Nb2 a5 12. Bf4 Qb7 13. bxa5 Rxa5 14. O-O Qa8 15. Qb1 Ba3 16. Ne1 Ngf6 17. f3 O-O 18. Nc2 Be7 19. Nd3 Nh5 20. Rf2 Nxf4 21. Nxf4 Nb6 22. Nd3 Nc4 23. Re2 Na3 24. Qe1 Nxc2 25. Rxc2 Rc8 26. Qd2 Qa7 27. Rb2 Ra8 28. Ne5 Qc7 29. Nd3 Bd6 30. g3 Ra3 31. Nc1 Rc8 32. Rb3 Qa5 33. Qb2 Ra8 34. Kf2 Ra4 35. Qb1 Ba3 36. Nd3 Bf8 37. Nc1 Rc4 38. Ne2 Ra4 39. Nc1 Ba3 40. Nd3 Bd6 41. Nc1 e5 42. Qf5 Qc7 43. Qc2 Qa7 44. Qd3 Re8 45. Qd2 Ra8 46. Qd3 Bc7 47. Kg2 Re8 48. Rab1 e4 49. fxe4 Rxe4 50. R3b2 Bd8 51. Re2 Bg5 52. Rbb2 Qe7 53. Nb3 Ra8 54. Nc5 Rxe3 55. Rxe3 Qxe3 56. Qxe3 Bxe3 57. Nd3 Kf8 58. Nb4 Rc8 59. Kf3 Bc1 60. Rb3 Ke7 61. Nd3 Bg5 62. Ra3 Kd6 63. h4 Bf6 64. Ra6 Rc7 65. a4 bxa4 66. Rxa4 Be7 67. Nc5 Bf6 68. Ra6 g6 69. Nd3 Bg7 70. g4 Bh6 71. g5 Bg7 72. Nc5 f6 73. Ra8 h6 74. Rd8+ Ke7 75. Rg8 Kf7 76. Rxg7+ Kxg7 77. gxf6+ Kxf6 0-1

[Event "Oberliga Ost A"]
[Site "?"]
[Date "2022.10.22"]
[Round "2.8"]
[White "Schaefer, Reyk"]
[Black "Hutschenreiter, Joerg"]
[Result "1/2-1/2"]
[WhiteElo "2099"]
[BlackElo "2037"]
[PlyCount "31"]
[EventDate "2022.09.18"]
[EventType "team-tourn"]
[EventCountry "GER"]
[WhiteTeam "Dresden SG Gruen Weiss"]
[BlackTeam "Loeberitz SG"]
[WhiteTeamCountry "GER"]
[BlackTeamCountry "GER"]

1. d4 Nf6 2. c4 e6 3. g3 Bb4+ 4. Bd2 Bxd2+ 5. Nxd2 O-O 6. Bg2 d6 7. Ngf3 Nbd7 8. O-O Qe7 9. e4 e5 10. Qc2 a5 11. b3 b6 12. a3 Bb7 13. b4 exd4 14. Nxd4 Qe5 15. N4f3 Qh5 16. Rfe1 1/2-1/2

[Event "Oberliga Ost A"]
[Site "?"]
[Date "2022.10.22"]
[Round "2.1"]
[White "Hartge, Gedeon"]
[Black "Pietzsch, Manuel"]
[Result "1/2-1/2"]
[WhiteElo "2254"]
[BlackElo "2098"]
[PlyCount "66"]
[EventDate "2022.09.18"]
[EventType "team-tourn"]
[EventCountry "GER"]
[WhiteTeam "Loeberitz SG"]
[BlackTeam "Dresden SG Gruen Weiss"]
[WhiteTeamCountry "GER"]
[BlackTeamCountry "GER"]

1. d4 Nf6 2. Nf3 g6 3. c4 Bg7 4. Nc3 O-O 5. e4 d6 6. Be2 e5 7. O-O Nc6 8. d5 Ne7 9. Bg5 h6 10. Bxf6 Bxf6 11. b4 g5 12. Nd2 Ng6 13. c5 Nf4 14. cxd6 cxd6 15. Nc4 Be7 16. Ne3 Nxe2+ 17. Nxe2 f5 18. exf5 Bxf5 19. Nxf5 Rxf5 20. Qd3 Qf8 21. Rac1 Bd8 22. Ng3 Rf6 23. Nh5 Rf7 24. f3 Bb6+ 25. Kh1 Kh8 26. Qg6 a5 27. b5 Bc5 28. Rc4 b6 29. a4 Raa7 30. h3 Rf5 31. Ng3 Rf6 32. Qh5 Qf7 33. Qxf7 Rfxf7 1/2-1/2

[Event "Oberliga Ost A"]
[Site "?"]
[Date "2022.10.22"]
[Round "2.2"]
[White "Henning, Marvin"]
[Black "Becker, Michael"]
[Result "1/2-1/2"]
[WhiteElo "1985"]
[BlackElo "2249"]
[PlyCount "67"]
[EventDate "2022.09.18"]
[EventType "team-tourn"]
[EventCountry "GER"]
[WhiteTeam "Halle USV"]
[BlackTeam "Leipzig SG II"]
[WhiteTeamCountry "GER"]
[BlackTeamCountry "GER"]

1. e4 c5 2. Nf3 d6 3. c3 Nf6 4. h3 e6 5. Bd3 Be7 6. Bc2 O-O 7. O-O b5 8. Re1 Bb7 9. d4 a5 10. Nbd2 Nc6 11. Nf1 cxd4 12. cxd4 Rc8 13. a3 Qc7 14. Bg5 h6 15. Bh4 b4 16. Ne3 b3 17. Bb1 a4 18. Qd3 Rfd8 19. Bxf6 Bxf6 20. e5 dxe5 21. Qh7+ Kf8 22. d5 Rxd5 23. Nxd5 exd5 24. Bf5 Rd8 25. Rac1 Qd6 26. Rcd1 Ne7 27. Nxe5 Bxe5 28. Qh8+ Ng8 29. Bh7 Qf6 30. f4 Qxf4 31. Qxg8+ Ke7 32. Qxg7 Qh2+ 33. Kf2 Qf4+ 34. Kg1 1/2-1/2

[Event "Oberliga Ost A"]
[Site "?"]
[Date "2022.10.22"]
[Round "2.3"]
[White "Hoepfl, Thomas"]
[Black "Schiffer, Stefan"]
[Result "1-0"]
[WhiteElo "2277"]
[BlackElo "2249"]
[PlyCount "59"]
[EventDate "2022.09.18"]
[EventType "team-tourn"]
[EventCountry "GER"]
[WhiteTeam "Leipzig SG II"]
[BlackTeam "Halle USV"]
[WhiteTeamCountry "GER"]
[BlackTeamCountry "GER"]

1. e4 e6 2. d4 d5 3. Nc3 Nf6 4. e5 Nfd7 5. f4 c5 6. Nf3 Nc6 7. Be3 cxd4 8. Nxd4 Qb6 9. Qd2 Qxb2 10. Rb1 Qa3 11. Bb5 Nxd4 12. Bxd4 a6 13. Bxd7+ Bxd7 14. Rb3 Qe7 15. Rxb7 Qd8 16. O-O Rb8 17. Rxb8 Qxb8 18. f5 Qc8 19. Qe3 Qc4 20. Rb1 Be7 21. f6 gxf6 22. exf6 Bd6 23. Be5 Bb4 24. Nxd5 Qxd5 25. Rxb4 Qd1+ 26. Kf2 Qxc2+ 27. Ke1 Bc8 28. Rb2 Qc4 29. Qa3 Qd4 30. Ke2 1-0

[Event "Oberliga Ost A"]
[Site "?"]
[Date "2022.10.22"]
[Round "2.4"]
[White "Roemling, Sven"]
[Black "Sukaylo, Aleksey"]
[Result "1-0"]
[WhiteElo "2220"]
[BlackElo "2114"]
[PlyCount "81"]
[EventDate "2022.09.18"]
[EventType "team-tourn"]
[EventCountry "GER"]
[WhiteTeam "Halle USV"]
[BlackTeam "Leipzig SG II"]
[WhiteTeamCountry "GER"]
[BlackTeamCountry "GER"]

1. Nf3 Nf6 2. g3 d5 3. Bg2 Bg4 4. c4 Bxf3 5. Bxf3 c6 6. Qb3 Qd7 7. O-O e6 8. Nc3 Be7 9. d4 dxc4 10. Qxc4 O-O 11. Rd1 Na6 12. Qb3 Rac8 13. e4 Qc7 14. Be3 Nb8 15. Rac1 Qb6 16. Qc2 Qa5 17. a3 Qd8 18. Qb3 Rc7 19. Kg2 Rd7 20. Rc2 a6 21. Rcd2 Qc8 22. Na4 Bd8 23. Nc5 Re7 24. Rc2 Ba5 25. Bg5 h6 26. Bxf6 gxf6 27. d5 cxd5 28. exd5 Rc7 29. Qe3 Bb6 30. b4 Nd7 31. dxe6 Nxc5 32. exf7+ Kg7 33. bxc5 Bxc5 34. Qb3 Rfxf7 35. Rc4 b6 36. Rg4+ Kf8 37. Rg6 Qf5 38. Rd8+ Ke7 39. Rgg8 Rd7 40. Rge8+ Kd6 41. Qxf7 1-0

[Event "Oberliga Ost A"]
[Site "?"]
[Date "2022.10.22"]
[Round "2.5"]
[White "Reipsch, Jens"]
[Black "Schunk, Thomas"]
[Result "1/2-1/2"]
[WhiteElo "2231"]
[BlackElo "2160"]
[PlyCount "77"]
[EventDate "2022.09.18"]
[EventType "team-tourn"]
[EventCountry "GER"]
[WhiteTeam "Leipzig SG II"]
[BlackTeam "Halle USV"]
[WhiteTeamCountry "GER"]
[BlackTeamCountry "GER"]

1. e4 g6 2. d4 Bg7 3. Nc3 c5 4. Nf3 cxd4 5. Nxd4 Nc6 6. Be3 d6 7. Bb5 Bd7 8. O-O Nf6 9. Qd2 Ng4 10. Nxc6 bxc6 11. Bc4 Nxe3 12. Qxe3 O-O 13. Rad1 Qc7 14. Rd3 e6 15. Qg3 Be5 16. f4 Bxc3 17. Rxc3 d5 18. Bb3 Qb6+ 19. Kh1 Qd4 20. e5 f6 21. Rcf3 Qe4 22. Re1 Qf5 23. Qh4 Qh5 24. Qxh5 gxh5 25. c4 Kg7 26. Kg1 a5 27. f5 a4 28. Bc2 fxe5 29. cxd5 exd5 30. Rxe5 Kf6 31. Rfe3 a3 32. Re7 Rf7 33. Rxf7+ Kxf7 34. bxa3 Kf6 35. Kf2 Rb8 36. Rb3 Ra8 37. Rh3 Kg5 38. Rg3+ Kf6 39. Rb3 1/2-1/2

[Event "Oberliga Ost A"]
[Site "?"]
[Date "2022.10.22"]
[Round "2.6"]
[White "Limpert, Michael"]
[Black "Schulte, Felix"]
[Result "1/2-1/2"]
[WhiteElo "2107"]
[BlackElo "2152"]
[PlyCount "74"]
[EventDate "2022.09.18"]
[EventType "team-tourn"]
[EventCountry "GER"]
[WhiteTeam "Halle USV"]
[BlackTeam "Leipzig SG II"]
[WhiteTeamCountry "GER"]
[BlackTeamCountry "GER"]

1. e4 c5 2. Nc3 Nc6 3. g3 g6 4. Bg2 Bg7 5. d3 Rb8 6. Be3 Nd4 7. Qd2 b5 8. Nce2 d6 9. c3 Nxe2 10. Nxe2 Nf6 11. Bh6 O-O 12. h4 Bxh6 13. Qxh6 Ng4 14. Qd2 h5 15. f3 Ne5 16. f4 Ng4 17. f5 e5 18. fxe6 Bxe6 19. O-O Qe7 20. Nf4 Kg7 21. d4 Rbc8 22. Bh3 Bd7 23. Rae1 Bc6 24. Bxg4 hxg4 25. Nd5 Bxd5 26. exd5 Qd7 27. Qf4 Rce8 28. Qf6+ Kg8 29. Rxe8 Qxe8 30. dxc5 Qe3+ 31. Qf2 Qxc5 32. Qxc5 dxc5 33. Rd1 Kg7 34. d6 Rd8 35. Rd5 a6 36. Kf2 Kf6 37. Ke3 Ke6 1/2-1/2

[Event "Oberliga Ost A"]
[Site "?"]
[Date "2022.10.22"]
[Round "2.7"]
[White "Perekhozhuk, Maksym"]
[Black "Gempe, Thomas"]
[Result "0-1"]
[WhiteElo "2014"]
[BlackElo "2142"]
[PlyCount "70"]
[EventDate "2022.09.18"]
[EventType "team-tourn"]
[EventCountry "GER"]
[WhiteTeam "Leipzig SG II"]
[BlackTeam "Halle USV"]
[WhiteTeamCountry "GER"]
[BlackTeamCountry "GER"]

1. e4 c5 2. Nf3 d6 3. d4 cxd4 4. Nxd4 Nf6 5. Nc3 g6 6. Be3 Bg7 7. f3 O-O 8. Qd2 Nc6 9. g4 Be6 10. h4 d5 11. O-O-O Nxd4 12. Bxd4 dxe4 13. g5 Nh5 14. fxe4 Bxd4 15. Qxd4 Qa5 16. Nd5 Bxd5 17. Qxd5 Qc7 18. Bd3 Rac8 19. Rhf1 Nf4 20. Qb3 e5 21. Rd2 Rfd8 22. Kb1 Rd4 23. Rdf2 Rcd8 24. Rf3 a6 25. a3 R8d7 26. R1f2 R7d6 27. Rxf4 exf4 28. Rxf4 b5 29. Rf3 Rd7 30. Rh3 Qc5 31. Ka2 Qe5 32. Qc3 Qe6+ 33. b3 Qb6 34. Qc8+ Kg7 35. Qe8 Qe6 0-1

[Event "Oberliga Ost A"]
[Site "?"]
[Date "2022.10.22"]
[Round "2.8"]
[White "Lauckner, Joerg"]
[Black "Polzin, Gustav"]
[Result "1-0"]
[WhiteElo "2049"]
[BlackElo "1784"]
[PlyCount "69"]
[EventDate "2022.09.18"]
[EventType "team-tourn"]
[EventCountry "GER"]
[WhiteTeam "Halle USV"]
[BlackTeam "Leipzig SG II"]
[WhiteTeamCountry "GER"]
[BlackTeamCountry "GER"]

1. d4 Nf6 2. c4 g6 3. Nc3 Bg7 4. e4 d6 5. Nf3 O-O 6. Be2 e5 7. Be3 Nc6 8. d5 Ne7 9. Nd2 h6 10. c5 Nxe4 11. Ndxe4 f5 12. g4 fxe4 13. Nxe4 dxc5 14. Bxc5 Rf4 15. Nc3 b6 16. Be3 Rf8 17. Bf3 Bb7 18. Be4 Qd6 19. Qd2 Kh7 20. h4 Rad8 21. h5 Bxd5 22. Nxd5 Nxd5 23. Bxh6 Nf4 24. hxg6+ Kg8 25. Qxd6 Rxd6 26. Bxg7 Kxg7 27. Rh7+ Kf6 28. Rxc7 Rd4 29. f3 Rh8 30. Rh7 Rxh7 31. gxh7 Kg7 32. Rc1 Ng2+ 33. Kf2 Rd2+ 34. Kg3 Nf4 35. Rc7+ 1-0

[Event "Oberliga Ost A"]
[Site "?"]
[Date "2022.10.22"]
[Round "2.1"]
[White "Malek, Daniel"]
[Black "Mastrovasilis, Dimitrios"]
[Result "0-1"]
[WhiteElo "2335"]
[BlackElo "2599"]
[PlyCount "90"]
[EventDate "2022.09.18"]
[EventType "team-tourn"]
[EventCountry "GER"]
[WhiteTeam "Leipzig SG II"]
[BlackTeam "Halle USV"]
[WhiteTeamCountry "GER"]
[BlackTeamCountry "GER"]

1. d4 d5 2. Nf3 Nf6 3. Bf4 c5 4. e3 Nc6 5. Nbd2 cxd4 6. exd4 Bf5 7. c3 e6 8. Qb3 Qc8 9. Nh4 Be4 10. Nxe4 Nxe4 11. Nf3 Bd6 12. Bxd6 Nxd6 13. Bd3 Rb8 14. a4 Qc7 15. O-O a6 16. Rae1 O-O 17. Qc2 h6 18. Ne5 Nxe5 19. Rxe5 b5 20. axb5 axb5 21. f4 b4 22. f5 Nxf5 23. Bxf5 exf5 24. Rxd5 bxc3 25. bxc3 g6 26. Rc5 Qd6 27. Qd2 Kg7 28. c4 Rfe8 29. Rb5 Rbc8 30. Qc3 Re2 31. d5+ Qf6 32. Qxf6+ Kxf6 33. c5 Ra8 34. Kh1 Raa2 35. Rg1 Red2 36. c6 Rac2 37. h3 g5 38. Re1 f4 39. Rb7 Rxg2 40. Ree7 Rgd2 41. Rxf7+ Kg6 42. Rg7+ Kh5 43. Rb1 Rh2+ 44. Kg1 Rcg2+ 45. Kf1 f3 0-1

[Event "Oberliga Ost A"]
[Site "?"]
[Date "2022.10.22"]
[Round "2.2"]
[White "Zawadzka, Jolanta"]
[Black "Spitzl, Vinzent"]
[Result "1/2-1/2"]
[WhiteElo "2378"]
[BlackElo "2347"]
[PlyCount "72"]
[EventDate "2022.09.18"]
[EventType "team-tourn"]
[EventCountry "GER"]
[WhiteTeam "Magdeburg SG Aufbau Elbe"]
[BlackTeam "Plauen SK Koenig"]
[WhiteTeamCountry "GER"]
[BlackTeamCountry "GER"]

1. e4 c5 2. Nf3 d6 3. Bb5+ Nc6 4. O-O Bd7 5. Re1 a6 6. Bf1 g6 7. c3 Bg7 8. h3 e5 9. d3 Nge7 10. Be3 O-O 11. d4 cxd4 12. cxd4 exd4 13. Nxd4 d5 14. Nc3 dxe4 15. Nxe4 Nxd4 16. Bxd4 Ba4 17. Qxa4 Qxd4 18. Qb3 b5 19. Nc3 Nc6 20. Rac1 Na5 21. Qd1 Rac8 22. Qf3 Nc4 23. Rcd1 Qc5 24. Nd5 Kh8 25. b3 Ne5 26. Qf4 Nc6 27. Nf6 Qf5 28. Qxf5 gxf5 29. Nd5 Rfd8 30. Ne3 Nd4 31. Bd3 f4 32. Nf5 Nxf5 33. Bxf5 Rb8 34. Bg4 Bf6 35. Kf1 Rxd1 36. Rxd1 Rd8 1/2-1/2

[Event "Oberliga Ost A"]
[Site "?"]
[Date "2022.10.22"]
[Round "2.3"]
[White "Melamed, Tatjana"]
[Black "Burian, Simon"]
[Result "1-0"]
[WhiteElo "2373"]
[BlackElo "2191"]
[PlyCount "131"]
[EventDate "2022.09.18"]
[EventType "team-tourn"]
[EventCountry "GER"]
[WhiteTeam "Plauen SK Koenig"]
[BlackTeam "Magdeburg SG Aufbau Elbe"]
[WhiteTeamCountry "GER"]
[BlackTeamCountry "GER"]

1. e4 c6 2. d4 d5 3. Nc3 dxe4 4. Nxe4 Bf5 5. Ng3 Bg6 6. h4 h6 7. Nf3 e6 8. h5 Bh7 9. Bd3 Bxd3 10. Qxd3 Nf6 11. Bd2 c5 12. Be3 Nc6 13. Ne4 Nb4 14. Nxf6+ gxf6 15. Qe2 Nd5 16. Bd2 cxd4 17. Nxd4 Qb6 18. O-O-O Rc8 19. Rh4 Be7 20. Nb3 Qc6 21. Be1 b5 22. Kb1 f5 23. Rhd4 O-O 24. Rxd5 exd5 25. Nd4 Qf6 26. Qd3 Rfd8 27. Nxf5 Bf8 28. g4 Rc4 29. f3 Rdc8 30. Bc3 Rxc3 31. bxc3 Rxc3 32. Qxd5 Rc5 33. Qd4 Qc6 34. Qe4 Qf6 35. Qd4 Qc6 36. Qd8 Qe6 37. Qd7 Qf6 38. Qd8 Qe6 39. Qd7 Qf6 40. Rd4 Qe5 41. Re4 Qh2 42. Qd1 Re5 43. Rxe5 Qxe5 44. Qd4 Qe1+ 45. Kb2 b4 46. Qf6 Qd2 47. g5 hxg5 48. h6 Qc3+ 49. Qxc3 bxc3+ 50. Kxc3 Kh7 51. Kd4 Bxh6 52. Nxh6 Kxh6 53. c4 Kg6 54. Ke5 f6+ 55. Ke6 f5 56. c5 g4 57. fxg4 f4 58. c6 f3 59. c7 f2 60. c8=Q f1=Q 61. Qg8+ Kh6 62. Qh8+ Kg6 63. Qh5+ Kg7 64. Qg5+ Kf8 65. Qf6+ Qxf6+ 66. Kxf6 1-0

[Event "Oberliga Ost A"]
[Site "?"]
[Date "2022.10.22"]
[Round "2.4"]
[White "Kunze, Carlo"]
[Black "Andre, Gordon"]
[Result "1-0"]
[WhiteElo "2285"]
[BlackElo "2361"]
[PlyCount "47"]
[EventDate "2022.09.18"]
[EventType "team-tourn"]
[EventCountry "GER"]
[WhiteTeam "Magdeburg SG Aufbau Elbe"]
[BlackTeam "Plauen SK Koenig"]
[WhiteTeamCountry "GER"]
[BlackTeamCountry "GER"]

1. d4 d5 2. c4 e6 3. Nc3 c6 4. Nf3 Nf6 5. Bg5 Be7 6. e3 Nbd7 7. Qc2 O-O 8. Rd1 a6 9. a3 h6 10. Bh4 dxc4 11. Bxc4 Nd5 12. Bxe7 Qxe7 13. O-O Nxc3 14. Qxc3 b5 15. Be2 c5 16. dxc5 Nxc5 17. Qb4 Bb7 18. Rd2 Rac8 19. Rc2 Rfd8 20. Rfc1 a5 21. Qe1 Nb3 22. Rxc8 Bxc8 23. Rc3 Nc5 24. Qc1 1-0

[Event "Oberliga Ost A"]
[Site "?"]
[Date "2022.10.22"]
[Round "2.5"]
[White "Paul, Johannes"]
[Black "Hoerr, Matthias"]
[Result "1-0"]
[WhiteElo "2306"]
[BlackElo "2086"]
[PlyCount "77"]
[EventDate "2022.09.18"]
[EventType "team-tourn"]
[EventCountry "GER"]
[WhiteTeam "Plauen SK Koenig"]
[BlackTeam "Magdeburg SG Aufbau Elbe"]
[WhiteTeamCountry "GER"]
[BlackTeamCountry "GER"]

1. d4 Nf6 2. c4 e6 3. Nc3 Bb4 4. f3 d5 5. a3 Bxc3+ 6. bxc3 c5 7. cxd5 Nxd5 8. dxc5 O-O 9. e4 Ne7 10. Qxd8 Rxd8 11. Bf4 Nd7 12. Bc7 Re8 13. Bb5 a6 14. Ba4 Nc6 15. Bd6 e5 16. Ne2 Nf8 17. Rb1 f6 18. Kf2 Ne6 19. Rhd1 Ned8 20. Ng3 Be6 21. Nf5 Bxf5 22. exf5 Rc8 23. g4 g5 24. h4 h6 25. Rh1 Kg7 26. Kg3 Rh8 27. Bb3 Na5 28. hxg5 hxg5 29. Rxh8 Kxh8 30. Bd5 Kg7 31. Rb6 Ndc6 32. Kf2 Nd8 33. Ke3 Ndc6 34. Kd3 Nd8 35. Ke4 Ra8 36. Bc7 Nac6 37. Bxd8 Nxd8 38. Bxb7 Nxb7 39. Rxb7+ 1-0

[Event "Oberliga Ost A"]
[Site "?"]
[Date "2022.10.22"]
[Round "2.6"]
[White "Sandner, Gunter"]
[Black "Armbrust, Florian"]
[Result "1/2-1/2"]
[WhiteElo "2234"]
[BlackElo "2281"]
[PlyCount "68"]
[EventDate "2022.09.18"]
[EventType "team-tourn"]
[EventCountry "GER"]
[WhiteTeam "Magdeburg SG Aufbau Elbe"]
[BlackTeam "Plauen SK Koenig"]
[WhiteTeamCountry "GER"]
[BlackTeamCountry "GER"]

1. Nf3 d6 2. d4 Nf6 3. g3 g6 4. Bg2 Bg7 5. O-O O-O 6. c4 Nbd7 7. h3 e5 8. Nc3 c6 9. Qc2 Re8 10. e4 exd4 11. Nxd4 Nc5 12. Be3 a5 13. Rad1 Qc7 14. b3 Nfd7 15. Rfe1 Ne6 16. Nxe6 Rxe6 17. Na4 b6 18. Qd2 Bb7 19. h4 b5 20. cxb5 cxb5 21. Rc1 Bc6 22. Nc3 Qb7 23. Nd5 Ne5 24. Bd4 Rae8 25. Bxe5 Rxe5 26. Qxa5 Bxd5 27. exd5 Rxe1+ 28. Rxe1 Rxe1+ 29. Qxe1 b4 30. h5 Kf8 31. Qc1 Qe7 32. Bf3 Bd4 33. Kg2 Bc5 34. Qd2 Qe5 1/2-1/2

[Event "Oberliga Ost A"]
[Site "?"]
[Date "2022.10.22"]
[Round "2.7"]
[White "Schoene, Maria"]
[Black "Kuraszkiewicz, Michael"]
[Result "0-1"]
[WhiteElo "2194"]
[BlackElo "2256"]
[PlyCount "94"]
[EventDate "2022.09.18"]
[EventType "team-tourn"]
[EventCountry "GER"]
[WhiteTeam "Plauen SK Koenig"]
[BlackTeam "Magdeburg SG Aufbau Elbe"]
[WhiteTeamCountry "GER"]
[BlackTeamCountry "GER"]

1. e4 c5 2. Nf3 e6 3. d4 cxd4 4. Nxd4 Nc6 5. Nc3 Qc7 6. Be2 a6 7. Be3 Nf6 8. a3 b5 9. Nxc6 dxc6 10. f4 Bb7 11. e5 Rd8 12. Bd3 Nd7 13. Qg4 c5 14. O-O g6 15. Bf2 Be7 16. Rae1 O-O 17. Bh4 Bxh4 18. Qxh4 b4 19. Re3 Rfe8 20. Rh3 Nf8 21. axb4 cxb4 22. Nd1 Qe7 23. Qh6 f5 24. exf6 Qxf6 25. Nf2 Qxb2 26. Ng4 Rxd3 27. Rxd3 Qxc2 28. Rg3 Qb2 29. Qg5 Qd4+ 30. Kh1 Nd7 31. Ne5 Be4 32. h4 Rf8 33. Re1 Nxe5 34. fxe5 Bc2 35. Qe7 Rf7 36. Qe8+ Kg7 37. Rh3 Qf2 38. Ree3 Bf5 39. h5 Bxh3 40. h6+ Kxh6 41. Rxh3+ Kg7 42. Qxe6 h5 43. Qd6 Qe1+ 44. Kh2 Rf1 45. Qe7+ Kh6 46. Rxh5+ Kxh5 47. Qh7+ Kg5 0-1

[Event "Oberliga Ost A"]
[Site "?"]
[Date "2022.10.22"]
[Round "2.8"]
[White "Fischer, Erik"]
[Black "Windelband, Jens"]
[Result "1-0"]
[WhiteElo "2049"]
[BlackElo "2044"]
[PlyCount "85"]
[EventDate "2022.09.18"]
[EventType "team-tourn"]
[EventCountry "GER"]
[WhiteTeam "Magdeburg SG Aufbau Elbe"]
[BlackTeam "Plauen SK Koenig"]
[WhiteTeamCountry "GER"]
[BlackTeamCountry "GER"]

1. e4 e6 2. d4 d5 3. Nd2 c5 4. Ngf3 Nf6 5. e5 Nfd7 6. c3 cxd4 7. cxd4 Nc6 8. Bd3 Be7 9. h4 h6 10. Nb3 a5 11. Be3 a4 12. Nc1 a3 13. b3 Nb4 14. Bb1 b6 15. Kf1 Ba6+ 16. Kg1 Rc8 17. Qd2 Nb8 18. Rh3 Qd7 19. Rg3 Kf8 20. Nd3 Qb5 21. Nfe1 N8c6 22. Rf3 Bxh4 23. Nf4 Kg8 24. Rh3 Bg5 25. Nh5 Bxe3 26. Qxe3 Ne7 27. Rg3 g6 28. Qf4 Qe2 29. Rf3 Rf8 30. Nf6+ Kg7 31. Ne8+ Kh7 32. Qf6 Rhg8 33. Qxe7 Qxe1+ 34. Kh2 Kh8 35. Qf6+ Kh7 36. Bxg6+ Rxg6 37. Rxe1 Rxf6 38. Nxf6+ Kg7 39. Rg3+ Kh8 40. Rh1 Rc8 41. Kg1 Rc1+ 42. Kh2 Rc8 43. Rg4 1-0